| 000 | 00833cam a2200229 4500 | ||
|---|---|---|---|
| 001 | gs 68000311 | ||
| 003 | DLC | ||
| 005 | 20260227111423.0 | ||
| 008 | 690522s1968 ctuab b 00000 eng c | ||
| 010 | _ags 68000311 | ||
| 040 |
_aU.S. Geological Survey Library _cDLC _dDLC |
||
| 050 | 1 | 0 |
_aQE93 _b.A116 no. 23 |
| 100 | 1 | 0 |
_aFlint, Richard Foster, _d1902- |
| 245 | 1 | 4 | _aThe surficial geology of the Ansonia and Milford quadrangles. |
| 260 | 1 |
_a[Hartford] _c1968. |
|
| 300 |
_aiv, 36 p. _billus. (1 fold.) maps (3 fold., 2 col.) _c23 cm. |
||
| 410 | 1 | 0 |
_aConnecticut. _bState Geological and Natural History Survey. _tQuadrangle report _vno. 23 |
| 500 | _aPart of illustrative matter in pocket. | ||
| 504 | _aBibliography: p. 35-36. | ||
| 650 | 0 |
_aGeology _zConnecticut _zNew Haven Co. |
|
| 650 | 0 |
_aGeology _zConnecticut _zFairfield Co. |
|
| 999 |
_c30520 _d30520 |
||